Propuesta de un esquema para servicio auxiliar en corriente directa
Zapisane w:
| 1. autor: | |
|---|---|
| Format: | Książka |
| Wydane: |
[San José , Costa Rica]
1995
|
| Hasła przedmiotowe: | |
| Etykiety: |
Dodaj etykietę
Nie ma etykietki, Dołącz pierwszą etykiete!
|
MARC
| LEADER | 00000nam a2200000Ia 4500 | ||
|---|---|---|---|
| 003 | 007708 | ||
| 005 | 20221231144254.0 | ||
| 008 | 140114s1995 cr a m 000 ||s d | ||
| 040 | |c cru CEDI | ||
| 090 | |a TFG 3307 | ||
| 100 | |a Santamaría Castro, Mauricio |9 10717 | ||
| 245 | |a Propuesta de un esquema para servicio auxiliar en corriente directa | ||
| 260 | |c 1995 |a [San José , Costa Rica] | ||
| 300 | |a ix, 115 páginas : ilustraciones | ||
| 500 | |a Proyecto de graduación (bachillerato en ingeniería eléctrica)-- Universidad de Costa Rica. Facultad de Ingeniería. Escuela de Ingeniería eléctrica | ||
| 650 | |x CORRIENTES CONTINUAS |x ENERGIA ELECTRICA - COSTA RICA |x SUBESTACIONES ELECTRICAS |9 10718 | ||
| 942 | |c TFG | ||
| 999 | |c 19387 |d 19387 | ||
